<?xml version="1.0" encoding="UTF-8"?>
<record
    xmlns:xsi="http://www.w3.org/2001/XMLSchema-instance"
    xsi:schemaLocation="http://www.loc.gov/MARC21/slim http://www.loc.gov/standards/marcxml/schema/MARC21slim.xsd"
    xmlns="http://www.loc.gov/MARC21/slim">

  <leader>00719nam a22002177a 4500</leader>
  <controlfield tag="005">20150415152530.0</controlfield>
  <controlfield tag="008">140714b        xxu||||| |||| 00| 0 Urdu d</controlfield>
  <datafield tag="010" ind1=" " ind2=" ">
    <subfield code="a">UR-8822</subfield>
  </datafield>
  <datafield tag="020" ind1="q" ind2=" ">
    <subfield code="c">150.00</subfield>
  </datafield>
  <datafield tag="035" ind1=" " ind2=" ">
    <subfield code="a">U-7377</subfield>
  </datafield>
  <datafield tag="037" ind1=" " ind2=" ">
    <subfield code="b">DBAD/Pub.</subfield>
  </datafield>
  <datafield tag="040" ind1=" " ind2=" ">
    <subfield code="a">DPL</subfield>
    <subfield code="b">Urdu</subfield>
  </datafield>
  <datafield tag="082" ind1=" " ind2=" ">
    <subfield code="a">840</subfield>
  </datafield>
  <datafield tag="100" ind1=" " ind2=" ">
    <subfield code="a">&#x633;&#x64A;&#x641;&#x6CC; &#x633;&#x631; &#x648; &#x646;&#x62C;&#x6CC;</subfield>
  </datafield>
  <datafield tag="245" ind1=" " ind2=" ">
    <subfield code="a">&#x645;&#x62D;&#x645;&#x62F; &#x627; &#x64A;&#x648; &#x628;  &#x648; &#x627; &#x642;&#x641;  :&#x627; &#x64A;&#x6A9; &#x645;&#x637;&#x627; &#x644;&#x639;&#x6C1; </subfield>
    <subfield code="b">&#x633;&#x64A;&#x641;&#x6CC; &#x633;&#x631; &#x648; &#x646;&#x62C;&#x6CC;</subfield>
  </datafield>
  <datafield tag="246" ind1=" " ind2=" ">
    <subfield code="a">Mohd.Ayub Waqif : Ek Muttalla</subfield>
    <subfield code="b">By Saifi Saronji</subfield>
  </datafield>
  <datafield tag="260" ind1=" " ind2=" ">
    <subfield code="a">Mumbai M.P</subfield>
    <subfield code="b">Antasab Publications </subfield>
    <subfield code="c">2013</subfield>
  </datafield>
  <datafield tag="270" ind1=" " ind2=" ">
    <subfield code="a">Saifi Library Saronji</subfield>
    <subfield code="a">Saifi Library Saronji</subfield>
    <subfield code="b">M.P</subfield>
    <subfield code="e">400709</subfield>
    <subfield code="k">9320690691</subfield>
  </datafield>
  <datafield tag="300" ind1=" " ind2=" ">
    <subfield code="a">112-&#x635;</subfield>
    <subfield code="b">22C.m.(PB)</subfield>
  </datafield>
  <datafield tag="942" ind1=" " ind2=" ">
    <subfield code="2">ddc</subfield>
    <subfield code="c">UR</subfield>
    <subfield code="h">840</subfield>
    <subfield code="m">&#x633; &#x6D2; &#x641;</subfield>
  </datafield>
  <datafield tag="999" ind1=" " ind2=" ">
    <subfield code="c">92977</subfield>
    <subfield code="d">92977</subfield>
  </datafield>
  <datafield tag="952" ind1=" " ind2=" ">
    <subfield code="0">0</subfield>
    <subfield code="1">0</subfield>
    <subfield code="2">ddc</subfield>
    <subfield code="4">0</subfield>
    <subfield code="7">1</subfield>
    <subfield code="8">NFIC</subfield>
    <subfield code="a">DBAD</subfield>
    <subfield code="b">DBAD</subfield>
    <subfield code="d">2015-04-15</subfield>
    <subfield code="e">DBAD/Pub.</subfield>
    <subfield code="g">150.00</subfield>
    <subfield code="l">0</subfield>
    <subfield code="o">840 &#x633; &#x6D2; &#x641;</subfield>
    <subfield code="p">U-7377</subfield>
    <subfield code="r">2015-04-15 00:00:00</subfield>
    <subfield code="t">1</subfield>
    <subfield code="v">150.00</subfield>
    <subfield code="w">2015-04-15</subfield>
    <subfield code="y">UR</subfield>
  </datafield>
</record>
